000
00292nam a22001217a 4500
008
181009b xxu||||| |||| 00| 0 eng d
041
_a
eng
080
_a
038
100
_a
23
101
_a
FJA
245
_a
Webster's New World Dictionary of the American Language
_c
Webster
942
_2
udc
_c
BK
999
_c
49136
_d
49136